000 01411nam0a2200409 4500
001 v19\rc\1891638
005 20260407065524.0
035 _a(NLR Aleph) 005264363
090 _a5933920
_c5933920
100 _a20080221d1911 u y0rusy50 ca
101 0 _arus
102 _aRU
105 _ay z |||||
200 1 _aБелинский в оценке его современников
_fС. Ашевский
210 _aСанкт-Петербург
_cТип. М.М. Стасюлевича
_d1911
215 _aVIII, 328 с.
_d24
320 _aБиблиогр. в предисл.
700 1 _7ca
_8rus
_aСтоляров-Суханов
_bМ. Н.
_f19 в.
_gМихаил Николаевич
_964925
_3RU\NLR\AUTH\7781997
702 1 _4570
_7ca
_8rus
_aБелинский
_bВ. Г.
_f1811-1848
_gВиссарион Григорьевич
_9125881
_3RU\NLR\AUTH\7716241
801 0 _aRU
_bNLR
_gpsbo
801 0 _aRU
_bRuMoRGB
_2psbo
801 1 _aRU
_bProSoft-M
_2rusmarc
801 2 _aRU
_bNLR
_c20121130
_2rusmarc
852 _aNLR
_j17.156.4.69
852 _aNLR
_j37.34.6.61
852 _aNLR
_j96/109
899 _aRuMoRGB
_jU 141/56
899 _aRuMoRGB
_jМК
899 _aRuMoRGB
_jU 84/107
899 _aRuMoRGB
_jU 359/162
899 _aБАН
899 _aНБ СПбГУ
899 _aГПИБ
899 _aНБ МГУ
942 _cBOOK
980 _aNB